[Event "Maccabiah sim"]
[Site "Jerusalem"]
[Date "2005.07.??"]
[Round "1"]
[White "Polgar, Judit"]
[Black "Litwak, Aleksej"]
[Result "0-1"]
[WhiteElo "2728"]
[BlackElo "2167"]
[PlyCount "78"]
[EventDate "2005.07.??"]
[EventType "simul"]
[EventRounds "1"]
[EventCountry "ISR"]
[Source "ChessBase"]
[SourceDate "2005.11.24"]

1. e4 c5 2. Nf3 e6 3. d4 cxd4 4. Nxd4 Nf6 5. Nc3 Nc6 6. Nxc6 bxc6 7. e5 Nd5 8.
Ne4 Qc7 9. f4 Qb6 10. Ke2 f5 11. exf6 Nxf6 12. Be3 Qb5+ 13. Ke1 Qb4+ 14. Nc3
Qxb2 15. Bd2 Qb6 16. Bd3 d5 17. Rb1 Qc7 18. Qe2 Bd6 19. g4 Bxf4 20. Rf1 Bxd2+
21. Kxd2 d4 22. Ne4 Qa5+ 23. Kc1 Qa3+ 24. Kd1 Nd5 25. Rf3 Rf8 26. Qf2 e5 27. h3
Rf4 28. Rxf4 Nxf4 29. Rb3 Qe7 30. Qf3 Be6 31. Rb7 Bd7 32. Ng3 g6 33. Be4 Qc5
34. Qb3 Nd5 35. Bd3 Nc3+ 36. Ke1 Qd5 37. Qa3 e4 38. Bf1 e3 39. Ne2 Qf3 0-1

[Event "Maccabiah sim"]
[Site "Jerusalem"]
[Date "2005.07.??"]
[Round "1"]
[White "Polgar, Judit"]
[Black "Zaslavsky, Michael"]
[Result "0-1"]
[WhiteElo "2728"]
[BlackElo "2086"]
[PlyCount "56"]
[EventDate "2005.07.??"]
[EventType "simul"]
[EventRounds "1"]
[EventCountry "ISR"]
[Source "ChessBase"]
[SourceDate "2005.11.24"]

1. e4 c5 2. Nf3 Nc6 3. d4 cxd4 4. Nxd4 Nf6 5. Nc3 e5 6. Ndb5 d6 7. Nd5 Nxd5 8.
exd5 Nb8 9. c4 Be7 10. Be3 a6 11. Nc3 O-O 12. Bd3 f5 13. Qc2 Bg5 14. O-O-O e4
15. Be2 f4 16. Bd2 e3 17. fxe3 fxe3 18. Be1 Bf5 19. Ne4 Nd7 20. h4 Nc5 21. hxg5
Bxe4 22. Qc3 Qxg5 23. Rh4 Rae8 24. Rg4 Qh6 25. Qd4 Bf5 26. Rh4 Qg6 27. Bc3 Re5
28. g4 Bb1 0-1

[Event "FIDE-Wch"]
[Site "San Luis"]
[Date "2005.10.01"]
[Round "4"]
[White "Leko, Peter"]
[Black "Polgar, Judit"]
[Result "1-0"]
[WhiteElo "2763"]
[BlackElo "2735"]
[Annotator "Ribli"]
[PlyCount "49"]
[EventDate "2005.09.28"]
[EventType "tourn"]
[EventRounds "14"]
[EventCountry "ARG"]
[EventCategory "20"]
[Source "ChessBase"]
[SourceDate "2006.01.31"]

1. e4 c5 2. Nf3 e6 3. d4 cxd4 4. Nxd4 Nc6 5. Nc3 Qc7 6. Be3 a6 7. Qd2 {
Heutzutage gilt dieser Zug als die gefährlichste Variante für Schwarz in der
Taimanov-Paulsen Variante. Weiß möchte lang rochieren und mit f3 und g4
angreifen.} Nf6 (7... b5 8. Nxc6 Qxc6 9. f3 Bb7 10. O-O-O Ne7 $6 11. Kb1 Ng6
12. h4 $14 {0-1 Grischuk,A-Polgar,J/Wijk aan Zee  2003/ (47)}) 8. O-O-O Bb4 (
8... b5 9. Bf4 Qb6 10. e5 Nxd4 $2 $146 (10... Qxd4) 11. exf6 $1 Nc6 12. Ne4 d5
13. Nd6+ Kd7 14. Nxf7 {1-0 Kasimdzhanov,R-Polgar,J/Moscow (m/3-blitz) 2002/(42)
}) 9. f3 Ne7 {Auf den ersten Blick eine sonderbare Fortsetzung: Schwarz plant
e6-e5 oder d7-d5, um die c-Linie für die Dame zu öffnen.} (9... Ne5 10. Nb3 d5
11. Bd4 O-O 12. Kb1 dxe4 13. Qf4 Bd6 14. Nxe4 Nxe4 15. Qxe4 Nc6 16. Bc3 Bd7 17.
g4 $1 Rfe8 18. Bd3 g6 19. Rhe1 $5 {1/2-1/2 Movsesian,S-Polgar,J/Budapest  2003/
(43)}) 10. Nde2 b5 {Die andere Variante ist 10...d5.} 11. g4 (11. Kb1 Ba5 12.
Qd4 Nc6 13. Qc5 Bb4 14. Qg5 O-O 15. Qg3 Ne5 16. h4 Bb7 17. h5 Ne8 18. a3 Bd6
19. Bf4 f6 $1 20. Na2 {[%cal Ge2c3]} Rc8 21. Nec3 Bc6 22. Be2 a5 $132 {1/2-1/2
Topalov,V-Polgar,J/Sofia 2005/CBM 107/[Ribli] (68)}) (11. Qe1 $5 Ba5 12. Qf2 d5
13. Bc5 b4 14. Na4 Rb8 15. Nd4 {[%cal Gd4b3,Gb3a5] 1-0 Karjakin,S-Zhang
Pengxiang/Tiayuan 2005/CBM 108/[Ribli Zoltan] (26)}) 11... h6 {Mit diesem Zug
festigt Schwarz seine Springerstellung auf f6, aber nun kann er nicht kurz
rochieren.} (11... O-O 12. Bf4 e5 13. Bg5 Qc6 14. a3 Ba5 15. Qd6 Qxd6 16. Rxd6
Bc7 17. Rd3 Rb8 18. Bxf6 gxf6 19. Ng3 {1/2-1/2 Novikov,S-Tunik,G/St Petersburg
RUS 2005/(68)}) 12. Rg1 $5 {Eine interessante Neuerung von Leko - nach diesem
Zug muss Schwarz immer mit g5 rechnen und im Falle von hxg5 kann der Turm
durch Rxg5 ins Spiel kommen (wie in der Partie).} (12. a3 Ba5 13. b4 $5 Bb6 14.
Bxb6 Qxb6 15. Nd4 Bb7 16. h4 Nc6 17. Nb3 Ne5 18. Be2 O-O-O 19. g5 $36 {1-0
L'Ami,E-Van der Elburg,F/Amsterdam  2005/(32) 1-0}) (12. h4 Ba5 13. a3 b4 14.
axb4 Bxb4 15. Bh3 Qa5 16. Kb1 d6 17. Nc1 (17. g5 $5) 17... Rb8 {0-1 Naiditsch,
A-Nisipeanu,L/Warsaw 2005/CBM 108(41)}) 12... Ng6 13. a3 Be7 14. f4 $1 {Weiß
besitzt gefährliche Initiative am Königsflügel: statt h4 kann er jetzt mit f4
angreifen.} b4 $6 {Polgar spielte diese Fortsetzung sehr schnell; es scheint,
dass Schwarz die Stellung am Damenflügel öffnen kann, aber nach meiner Meinung
wäre es besser zuerst die Entwicklung zu beenden.} (14... Bb7) (14... d6) 15.
axb4 Bxb4 16. Qd4 $1 Qa5 17. Kb1 {Ein nützlicher, weil prophylaktischer Zug;
Weiß sichert seine Königsstellung.} (17. e5 $2 Nd5 $36) 17... Rb8 (17... d6 $8
18. g5 hxg5 19. Rxg5 e5) 18. g5 Nh5 $2 (18... Ba3 19. b3 hxg5 20. Rxg5 Qc7) 19.
gxh6 Rxh6 20. Rg5 $1 $16 {[%csl Gg5][%cal Rg5a5]} (20. f5 Ngf4 21. Rxg7 $1 $18)
20... Qc7 {[#]} 21. Nb5 $1 {Auch wenn es nur eine Tauschkombination ist, so
bekommt Weiß den b4-Läufer und kontrolliert die schwarzen Felder.} Rxb5 22.
Rxb5 axb5 23. Qxb4 {[%csl Gb4,Re8][%cal Gb4f8]} Nhxf4 24. Nc3 {[%csl Re8][%cal
Rc3b5,Rb5d6,Gb4f8] Weiß hat einen Bauern weniger, aber er besitzt
Angriffsinitiative: der schwarze König steht schlecht in der Mitte und die
schwarzen Felder sind ebenfalls schwach.} Rxh2 (24... Ba6 25. Bxb5 Bc8 26. Bb6
Qb8 27. Rxd7 Bxd7 28. Bxd7+ Kxd7 29. Qb5+ $18) 25. Bg1 {[%csl Rh2][%cal Rc3b5]}
1-0

[Event "HUN-chT 0607"]
[Site "Hungary"]
[Date "2007.04.15"]
[Round "8"]
[White "Gyimesi, Zoltan"]
[Black "Polgar, Judit"]
[Result "1/2-1/2"]
[WhiteElo "2616"]
[BlackElo "2710"]
[PlyCount "130"]
[EventDate "2006.11.12"]
[EventType "team"]
[EventRounds "11"]
[EventCountry "HUN"]
[Source "ChessBase"]
[SourceDate "2007.11.25"]
[WhiteTeam "Csuti"]
[BlackTeam "Nagykanizsa"]
[WhiteTeamCountry "HUN"]
[BlackTeamCountry "HUN"]

1. d4 Nf6 2. c4 e6 3. Nf3 b6 4. g3 Bb7 5. Bg2 Be7 6. O-O O-O 7. Re1 Na6 8. Ne5
Bxg2 9. Kxg2 Qb8 10. e4 c5 11. Bf4 Bd6 12. Nc3 cxd4 13. Qxd4 Bc5 14. Qd1 Qb7
15. Bg5 Be7 16. Ng4 Nd5 17. Bxe7 Nxe7 18. Nb5 f5 19. Nd6 Qc7 20. exf5 Nxf5 21.
Nxf5 Rxf5 22. Qe2 Nb4 23. Qe4 Raf8 24. f4 Rc5 25. Ne3 a5 26. a4 Rc6 27. b3 Na6
28. Qf3 Nc5 29. Ng4 Rd6 30. Rad1 Rxd1 31. Rxd1 Rb8 32. Rb1 Qb7 33. Qxb7 Rxb7
34. Kf3 Kf7 35. Nf2 Ke7 36. Ne4 d5 37. cxd5 exd5 38. Nd2 b5 39. axb5 Rxb5 40.
Ke2 Ke6 41. Kd1 Kf5 42. Kc2 Ne4 43. Ra1 g6 44. Nxe4 dxe4 45. Kd2 Rxb3 46. Rxa5+
Kg4 47. Ke2 Kh3 48. Ra7 Kxh2 49. Rxh7+ Kxg3 50. Rg7 Kxf4 51. Rxg6 Rb2+ 52. Kf1
Kf3 53. Rf6+ Ke3 54. Ra6 Rb1+ 55. Kg2 Rd1 56. Re6 Rd4 57. Kf1 Rb4 58. Re8 Rb1+
59. Kg2 Re1 60. Ra8 Rc1 61. Re8 Rc2+ 62. Kf1 Rc4 63. Re7 Rc3 64. Re8 Rd3 65.
Ke1 Ra3 1/2-1/2

[Event "HUN-chT 0607"]
[Site "Hungary"]
[Date "2007.04.29"]
[Round "9"]
[White "Polgar, Judit"]
[Black "Ruck, Robert"]
[Result "1-0"]
[WhiteElo "2710"]
[BlackElo "2526"]
[PlyCount "91"]
[EventDate "2006.11.12"]
[EventType "team"]
[EventRounds "11"]
[EventCountry "HUN"]
[Source "ChessBase"]
[SourceDate "2007.11.25"]
[WhiteTeam "Nagykanizsa"]
[BlackTeam "Edelenyi"]
[WhiteTeamCountry "HUN"]
[BlackTeamCountry "HUN"]

1. e4 c6 2. Nc3 d5 3. Nf3 Bg4 4. h3 Bxf3 5. Qxf3 e6 6. g3 dxe4 7. Nxe4 Nd7 8.
Bg2 Ngf6 9. O-O Nxe4 10. Qxe4 Nf6 11. Qe2 Be7 12. b4 O-O 13. Rb1 Rc8 14. c4 Ne8
15. d4 Bf6 16. Rd1 Bxd4 17. Be3 e5 18. Bxd4 exd4 19. Qg4 Nf6 20. Qf4 Re8 21.
Rxd4 Qe7 22. c5 h6 23. a4 a6 24. Rbd1 a5 25. Rd6 axb4 26. Qxb4 Rc7 27. a5 Qe2
28. R6d2 Qe5 29. Rd4 Qe2 30. R1d2 Qe1+ 31. Kh2 Rce7 32. a6 bxa6 33. Bxc6 Rc8
34. Bf3 Qf1 35. Bg2 Qb5 36. c6 Qxb4 37. Rxb4 Ne8 38. Rb7 Nc7 39. Rd7 Kf8 40. h4
f5 41. Bh3 g6 42. h5 Rg7 43. hxg6 Ne8 44. Rxg7 Nxg7 45. Rf7+ Kg8 46. Bg2 1-0

[Event "HUN-chT 0607"]
[Site "Hungary"]
[Date "2007.05.06"]
[Round "10"]
[White "Berkes, Ferenc"]
[Black "Polgar, Judit"]
[Result "1/2-1/2"]
[WhiteElo "2589"]
[BlackElo "2710"]
[PlyCount "62"]
[EventDate "2006.11.12"]
[EventType "team"]
[EventRounds "11"]
[EventCountry "HUN"]
[Source "ChessBase"]
[SourceDate "2007.11.25"]
[WhiteTeam "Paks"]
[BlackTeam "Nagykanizsa"]
[WhiteTeamCountry "HUN"]
[BlackTeamCountry "HUN"]

1. d4 Nf6 2. c4 e6 3. Nf3 d5 4. Nc3 Bb4 5. e3 O-O 6. Bd3 dxc4 7. Bxc4 c5 8. O-O
Nbd7 9. Qb3 Bxc3 10. Qxc3 b6 11. Rd1 Bb7 12. dxc5 Rc8 13. b4 bxc5 14. b5 Qc7
15. Bb2 Nb6 16. Ne5 Rfd8 17. Bf1 Rd5 18. Nc4 Rg5 19. f4 Ne4 20. Qc2 Rd5 21.
Nxb6 axb6 22. Bd3 Rcd8 23. Bxe4 Rxd1+ 24. Rxd1 Rxd1+ 25. Qxd1 Bxe4 26. Be5 Qe7
27. Qd6 Qxd6 28. Bxd6 c4 29. Be5 Bd3 30. Kf2 c3 31. Bxc3 Bxb5 1/2-1/2

[Event "Biel GM"]
[Site "Biel"]
[Date "2007.07.23"]
[Round "1"]
[White "Van Wely, Loek"]
[Black "Polgar, Judit"]
[Result "0-1"]
[WhiteElo "2680"]
[BlackElo "2707"]
[Annotator "Krasenkow,M"]
[PlyCount "80"]
[EventDate "2007.07.23"]
[EventType "tourn"]
[EventRounds "9"]
[EventCountry "SUI"]
[EventCategory "18"]
[Source "ChessBase"]
[SourceDate "2007.10.02"]

1. d4 Nf6 2. c4 e6 3. Nf3 b6 4. g3 Bb7 5. Bg2 Be7 6. O-O O-O 7. d5 Na6 {
Avoiding the main system} (7... exd5 8. Nh4) 8. Nd4 exd5 9. Nc3 c6 10. cxd5
Nxd5 (10... cxd5 11. Nf5 Nc7 {leads to one of the main theoretical lines after
7...exd5 8.Nh4.}) 11. Nxd5 cxd5 12. Nf5 Bf6 13. Bxd5 {White has recaptured the
pawn and now has a superior pawn structure; however, he has yet to develop his
queenside.} Bc6 (13... Bxd5 $5 14. Qxd5 Nc7 15. Qb3 d5 16. Bf4 Qd7 17. Rac1 Ne6
18. Bd6 Rfd8 19. Ba3 g6 20. Ne3 Nd4 21. Qd3 Qb5 $11 {1/2-1/2 Summerscale,
A-Ikonnikov,V/France 1998/CBM 064 ext (37)}) 14. Qb3 $6 {A strange move
voluntarily losing time.} (14. e4 $5) (14. Rb1 $5) 14... Nc5 15. Qf3 Bxd5 16.
Qxd5 Qe8 $1 17. Qf3 $6 (17. e3 Qe6 18. Rd1 Ne4 $1 {[%cal Ya8c8]}) (17. Be3 Bxb2
18. Rad1 (18. Rab1 Bf6 19. Bxc5 bxc5 20. Qxc5 Qxe2) 18... Ne4 (18... Qe6 19.
Bxc5 bxc5 20. Qxc5 Qxa2 21. Rxd7 $132) 19. Qxd7 {was probably the lesser evil
although Black keeps the better chances due to her queenside pawn advantage.} (
{or} 19. Bd4 Nf6 $15)) 17... Qe6 {White's queenside is now completely paralysed
} 18. Ne3 Ne4 19. Rd1 Rac8 20. Nd5 Rc2 $6 (20... Rfe8 $142) 21. Nxf6+ $6 (21.
Qd3 $1 Bxb2 (21... Rfc8 22. f3) 22. Qxc2 Bxa1 23. Nf4 $1 (23. Ba3 d6 24. Nf4
Qe5) 23... Qe5 24. Rxd7 $11) 21... Nxf6 22. Rd2 Rc5 23. Rd4 Re8 24. Be3 {The
bishop has come out, Black's d-pawn is still isolated but... White has not
equalized! His pieces are placed awkwardly and his king is unsafe.} Rf5 25. Qb7
(25. Rf4 $6 Rxf4 26. gxf4 $8 (26. Qxf4 Nd5 $17)) 25... Re5 (25... Nd5 $5 26.
Rd3 Rh5 27. h4 Re5 28. Bd2 Nf6 29. e3 Ne4 $17) 26. Qf3 h5 {[%cal Rf6g4]} 27.
Rad1 $6 {White loses patience but what could he do?} (27. Rdd1 Rf5 28. Qb7 h4
$17) 27... Qxa2 28. R4d2 Qa4 {Black has won a pawn and tactics is in her
favour.} 29. h3 (29. Bd4 Rxe2 30. Bxf6 Rxd2 31. Rxd2 gxf6 32. Qxf6 (32. Qxh5
Re1+ 33. Kg2 Qc4 $17 {[%cal Yc4f1,Yf1h1]}) 32... Re1+ 33. Kg2 Qc6+ 34. Qxc6
dxc6 $19 {_|_}) 29... Qb5 30. Bd4 Rf5 31. Qb7 Rxe2 32. Bxf6 gxf6 $1 33. Qc8+ (
33. Rxe2 Qxe2 34. Rf1 h4 35. gxh4 (35. g4 Rf3) (35. Qxd7 Qf3) 35... Rh5 {is
equally hopeless.}) 33... Kg7 34. Rxd7 {Desperation.} Rfxf2 35. Rxf7+ Kxf7 36.
Rd7+ Re7 37. Rxe7+ Kxe7 38. Qb7+ Ke6 39. Qe4+ Qe5 40. Qc6+ Kf5 0-1

[Event "HUN-chT 0809"]
[Site "Hungary"]
[Date "2008.11.02"]
[Round "2"]
[White "Khenkin, Igor"]
[Black "Polgar, Judit"]
[Result "1-0"]
[WhiteElo "2647"]
[BlackElo "2711"]
[PlyCount "81"]
[EventDate "2008.10.26"]
[EventType "team-tourn"]
[EventRounds "11"]
[EventCountry "HUN"]
[Source "ChessBase"]
[SourceDate "2009.01.08"]
[WhiteTeam "Csuti"]
[BlackTeam "Aquaprofit"]
[WhiteTeamCountry "HUN"]
[BlackTeamCountry "HUN"]

1. d4 Nf6 2. c4 e6 3. Nc3 Bb4 4. Qc2 O-O 5. e4 d5 6. e5 Ne4 7. Bd3 c5 8. Nge2
cxd4 9. Nxd4 f5 10. exf6 Qxf6 11. Be3 e5 12. Ndb5 Nxc3 13. bxc3 e4 14. Be2 a6
15. Bd4 Qf7 16. cxb4 axb5 17. cxb5 Qg6 18. Qb3 Be6 19. O-O Rf5 20. Rac1 Nd7 21.
Rc7 Raf8 22. Rfc1 Rg5 23. g3 h5 24. h4 Rgf5 25. Rxb7 Kh7 26. Rc6 Ne5 27. Rcc7
Bf7 28. Bxe5 Rxe5 29. Qc3 Re6 30. Qe3 Qf6 31. Qa7 Kg8 32. Bxh5 g6 33. Bg4 Ree8
34. Qb6 Qxb6 35. Rxb6 e3 36. fxe3 Rxe3 37. Kh2 d4 38. Rd6 Be8 39. b6 Rf2+ 40.
Kh3 Re1 41. Be6+ 1-0

[Event "Dresden ol (Men) 38th"]
[Site "Dresden"]
[Date "2008.11.19"]
[Round "6"]
[White "Polgar, Judit"]
[Black "Escobar Forero, Alder"]
[Result "0-1"]
[WhiteElo "2711"]
[BlackElo "2482"]
[PlyCount "130"]
[EventDate "2008.11.13"]
[EventType "team-swiss"]
[EventRounds "11"]
[EventCountry "GER"]
[Source "ChessBase"]
[SourceDate "2009.01.28"]
[WhiteTeam "Hungary"]
[BlackTeam "Columbia"]
[WhiteTeamCountry "HUN"]
[BlackTeamCountry "COL"]

1. e4 c5 2. Nf3 Nc6 3. d4 cxd4 4. Nxd4 e5 5. Nb5 d6 6. c4 Be7 7. N1c3 a6 8. Na3
f5 9. exf5 Bxf5 10. Nc2 Nf6 11. Ne3 Be6 12. Bd3 Qd7 13. Ned5 Bd8 14. O-O O-O
15. Be3 Nd4 16. Nxf6+ Bxf6 17. Rc1 Nf5 18. Bxf5 Bxf5 19. f3 b5 20. Nd5 bxc4 21.
Nb6 Qe6 22. Nxa8 Rxa8 23. b3 Bd3 24. Re1 d5 25. Qd2 h6 26. bxc4 dxc4 27. Qf2
Rb8 28. Bd4 Qd6 29. Bc3 Rb5 30. Kh1 Kh7 31. g3 Bd8 32. a4 Rd5 33. Qb2 Bg5 34.
Rcd1 Bf6 35. Kg1 Qc6 36. a5 Rb5 37. Qf2 Qd6 38. Qe3 Rd5 39. Qb6 Qa3 40. Qb4
Qxb4 41. Bxb4 Bd8 42. Bc3 Bc7 43. Re2 Kg6 44. Kg2 Kf5 45. Ra2 Rb5 46. Rb2 Rxb2+
47. Bxb2 Bxa5 48. Ra1 Bd2 49. g4+ Kf4 50. Rxa6 e4 51. Bxg7 exf3+ 52. Kh3 Be1
53. Rf6+ Ke3 54. Bxh6+ Ke2 55. g5 f2 56. Kg4 c3 57. h4 Bd2 58. Bf8 f1=Q 59.
Rxf1 Kxf1 60. Ba3 Kg2 61. h5 c2 62. g6 Bh6 63. g7 Bh7 64. g8=Q Bxg8 65. Kf5 Bf7
0-1

[Event "Prague Cez Trophy m"]
[Site "Prague"]
[Date "2010.04.23"]
[Round "6"]
[White "Polgar, Judit"]
[Black "Navara, David"]
[Result "0-1"]
[WhiteElo "2682"]
[BlackElo "2708"]
[PlyCount "104"]
[EventDate "2010.04.22"]
[EventType "match (rapid)"]
[EventRounds "8"]
[EventCountry "CZE"]
[Source "ChessBase"]
[SourceDate "2010.05.04"]

1. e4 c5 2. Nf3 e6 3. d4 cxd4 4. Nxd4 Nc6 5. Nc3 a6 6. Nxc6 bxc6 7. Bd3 d5 8.
O-O Nf6 9. Re1 Be7 10. Qe2 O-O 11. e5 Nd7 12. Na4 Nb6 13. Nxb6 Qxb6 14. c4 a5
15. cxd5 cxd5 16. Be3 Qb8 17. Bd4 Qb4 18. Red1 g6 19. Qe3 Ba6 20. Bxa6 Rxa6 21.
Rac1 Raa8 22. Rc7 Rfc8 23. Rdc1 Rxc7 24. Rxc7 Bd8 25. Rc2 Rb8 26. g3 Bg5 27.
Qd3 Bd8 28. Qc3 Bb6 29. Qxb4 axb4 30. Bxb6 Rxb6 31. f4 Kg7 32. b3 h6 33. h4 g5
34. h5 gxf4 35. gxf4 Ra6 36. Kf2 Kf8 37. Ke3 Ke7 38. Rc7+ Ke8 39. Rc8+ Kd7 40.
Rc2 Ra8 41. Kd4 Rg8 42. Rf2 Kc6 43. Rc2+ Kb6 44. Ke3 Rg3+ 45. Kf2 Rh3 46. Rc8
Rh2+ 47. Kg3 Rxa2 48. Rf8 Rb2 49. Rxf7 Rxb3+ 50. Kg4 Rc3 51. Re7 b3 52. Rxe6+
Kb7 0-1

[Event "Baku Presidents Cup"]
[Site "Baku"]
[Date "2010.04.30"]
[Round "4"]
[White "Polgar, Judit"]
[Black "Sutovsky, Emil"]
[Result "1/2-1/2"]
[WhiteElo "2682"]
[BlackElo "2650"]
[PlyCount "46"]
[EventDate "2010.04.29"]
[EventType "tourn (rapid)"]
[EventRounds "7"]
[EventCountry "AZE"]
[EventCategory "18"]
[Source "ChessBase"]
[SourceDate "2010.07.02"]

1. e4 e6 2. d4 d5 3. Nd2 c5 4. Ngf3 cxd4 5. exd5 Qxd5 6. Bc4 Qd6 7. O-O Nf6 8.
Nb3 Nc6 9. Nbxd4 Nxd4 10. Nxd4 Bd7 11. a4 Qc7 12. Bb5 Bc5 13. Bg5 O-O-O 14. c3
e5 15. Bxd7+ Rxd7 16. Bxf6 gxf6 17. Qg4 Qb6 18. Nb5 Rhd8 19. b4 Bf8 20. Rad1 a6
21. Rxd7 Rxd7 22. Na3 Qe6 23. Qe2 Kb8 1/2-1/2